| 000 | 00596nam a2200193Ia 4500 | ||
|---|---|---|---|
| 003 | GCL | ||
| 008 | 140319s9999 xx 000 0 ara d | ||
| 040 |
_aGCL / _cGCL |
||
| 082 | 0 | 4 |
_a822.008 _bش ه |
| 100 | 1 | _aانطوان رزق الله مشاطى | |
| 245 | 1 | 0 |
_aهنرى السادس / _cانطوان رزق الله مشاطى |
| 700 | 1 | _aشكسبير، ويليام | |
| 260 |
_a[S.N] : _bدار نظير عبود |
||
| 300 |
_a384 ص ؛ _c19 سم |
||
| 490 | _a | ||
| 650 | 0 | 4 | _aالادب الانجليزى |
| 650 | 0 | 4 | _aالمسرحيات الانجليزية |
| 942 |
_2ddc _cBK |
||
| 999 |
_c56064 _d56064 |
||